[Event "BCF-chT3 0506 (4NCL)"]
[Site "Birmingham"]
[Date "2005.10.22"]
[Round "1.8"]
[White "Barraclough, Stephanie"]
[Black "Yates, Susan"]
[Result "1-0"]
[WhiteElo "1883"]
[BlackElo "1665"]
[PlyCount "53"]
[EventDate "2005.10.22"]
[EventType "team"]
[EventRounds "11"]
[EventCountry "ENG"]
[SourceTitle "EXT 2007"]
[Source "ChessBase"]
[SourceDate "2006.11.23"]
[SourceVersion "1"]
[SourceVersionDate "2006.11.23"]
[SourceQuality "1"]
[WhiteTeam "Slough Sharks II"]
[BlackTeam "Slough Sharks III"]
[WhiteTeamCountry "ENG"]
[BlackTeamCountry "ENG"]

1. e4 c5 2. Nf3 Nc6 3. g3 e6 4. d3 d5 5. Nbd2 Bd6 6. Bg2 Nf6 7. 0-0 0-0 8. Re1 Re8 9. e5 Nxe5 10. Nxe5 Qc7 11. Qe2 Rb8 12. h4 b6 13. Ng4 Nxg4 14. Qxg4 Bb7 15. Nf1 Be5 16. c3 Bf6 17. Bg5 Bxg5 18. Qxg5 Ba6 19. Rad1 Rbd8 20. Nh2 f6 21. Qh5 Re7 22. d4 Kh8 23. Bf1 Bb7 24. Bd3 h6 25. Qg6 Kg8 26. Qh7+ Kf8 27. Bg6 1-0

[Event "BCF-chT2 0405 (4NCL)"]
[Site "West Bromwich"]
[Date "2005.04.30"]
[Round "9.8"]
[White "Guthrie, David"]
[Black "Barraclough, Stephanie"]
[Result "1-0"]
[WhiteElo "2170"]
[BlackElo "1922"]
[PlyCount "71"]
[EventDate "2004.09.18"]
[EventType "team"]
[EventRounds "11"]
[EventCountry "ENG"]
[SourceTitle "EXT 2006"]
[Source "ChessBase"]
[SourceDate "2005.11.24"]
[SourceVersion "1"]
[SourceVersionDate "2005.11.24"]
[SourceQuality "1"]
[WhiteTeam "Kings Head"]
[BlackTeam "Slough Sharks"]
[WhiteTeamCountry "ENG"]
[BlackTeamCountry "ENG"]

1. d4 Nf6 2. c4 g6 3. Nc3 Bg7 4. e4 d6 5. Be2 0-0 6. Nf3 e5 7. 0-0 Nc6 8. d5 Ne7 9. Nd2 Ne8 10. b4 f5 11. c5 f4 12. a4 g5 13. Ba3 Ng6 14. Nc4 Rf7 15. b5 Bf8 16. c6 b6 17. Bg4 Ng7 18. Bxc8 Qxc8 19. f3 h5 20. a5 g4 21. Bb4 Rb8 22. axb6 axb6 23. Ra7 Ne8 24. Kh1 Rg7 25. Rg1 Nh4 26. Nd2 Be7 27. Qf1 Kh8 28. Ne2 Ra8 29. Rxa8 Qxa8 30. g3 fxg3 31. Nxg3 gxf3 32. Nxh5 Rh7 33. Nxf3 Rf7 34. Qh3 Rf8 35. Nxh4 Qa4 36. Ng6+ 1-0

[Event "BCF-chT2 0405 (4NCL)"]
[Site "West Bromwich"]
[Date "2005.04.10"]
[Round "8.8"]
[White "Barraclough, Stephanie"]
[Black "Mihajlova, Diana"]
[Result "1-0"]
[WhiteElo "1922"]
[BlackElo "1850"]
[PlyCount "31"]
[EventDate "2004.09.18"]
[EventType "team"]
[EventRounds "11"]
[EventCountry "ENG"]
[SourceTitle "EXT 2006"]
[Source "ChessBase"]
[SourceDate "2005.11.24"]
[SourceVersion "1"]
[SourceVersionDate "2005.11.24"]
[SourceQuality "1"]
[WhiteTeam "Slough Sharks"]
[BlackTeam "Bristol II"]
[WhiteTeamCountry "ENG"]
[BlackTeamCountry "ENG"]

1. e4 e5 2. f4 exf4 3. Nf3 Nf6 4. e5 Qe7 5. Be2 Ng4 6. d4 Ne3 7. Bxe3 fxe3 8. Nc3 Qb4 9. 0-0 Qxb2 10. Nd5 Kd8 11. Ng5 Rg8 12. Nxf7+ Ke8 13. Nxc7+ Ke7 14. d5 d6 15. exd6+ Kd7 16. Bg4# 1-0

[Event "BCF-chT2 0405 (4NCL)"]
[Site "West Bromwich"]
[Date "2005.04.09"]
[Round "7.8"]
[White "Milligan, Helen"]
[Black "Barraclough, Stephanie"]
[Result "1-0"]
[WhiteElo "2072"]
[BlackElo "1922"]
[PlyCount "81"]
[EventDate "2004.09.18"]
[EventType "team"]
[EventRounds "11"]
[EventCountry "ENG"]
[SourceTitle "EXT 2006"]
[Source "ChessBase"]
[SourceDate "2005.11.24"]
[SourceVersion "1"]
[SourceVersionDate "2005.11.24"]
[SourceQuality "1"]
[WhiteTeam "Micro Mark NWE II"]
[BlackTeam "Slough Sharks"]
[WhiteTeamCountry "ENG"]
[BlackTeamCountry "ENG"]

1. e4 d6 2. d4 Nf6 3. Nc3 c6 4. f4 Qa5 5. Bd3 d5 6. e5 Ne4 7. Bd2 Nxd2 8. Qxd2 e6 9. Nf3 Bd7 10. Ne2 Qxd2+ 11. Kxd2 c5 12. c3 Nc6 13. g4 Be7 14. h4 0-0-0 15. Ng5 Be8 16. Raf1 h6 17. Nf3 Kd7 18. dxc5 Bxc5 19. Ned4 a6 20. b4 Bb6 21. Rb1 Ke7 22. Nxc6+ bxc6 23. Nd4 Bxd4 24. cxd4 Bd7 25. Rhc1 Ra8 26. Rc5 Rhb8 27. a3 Rb6 28. Rbc1 Rab8 29. Ke3 R8b7 30. f5 Rb8 31. Rf1 Ra8 32. f6+ gxf6 33. Rxf6 Rh8 34. Kf4 Bc8 35. Kg3 Bd7 36. h5 Kf8 37. Ra5 Kg7 38. Kh4 Bc8 39. Rc5 Bd7 40. g5 Be8 41. Ra5 1-0

[Event "BCF-chT3 0304 (4NCL)"]
[Site "West Bromwich"]
[Date "2004.03.27"]
[Round "5.8"]
[White "Barraclough, Stephanie"]
[Black "Blackburn, Sandra G"]
[Result "0-1"]
[WhiteElo "1552"]
[BlackElo "1392"]
[PlyCount "128"]
[EventDate "2003.11.23"]
[EventType "team"]
[EventRounds "11"]
[EventCountry "ENG"]
[SourceTitle "EXT 2005"]
[Source "ChessBase"]
[SourceDate "2004.11.15"]
[SourceVersion "1"]
[SourceVersionDate "2004.11.15"]
[SourceQuality "1"]
[WhiteTeam "Slough II"]
[BlackTeam "SW Dragons II"]
[WhiteTeamCountry "ENG"]
[BlackTeamCountry "ENG"]

1. e4 g6 2. Nf3 Bg7 3. g3 d6 4. Bg2 Nf6 5. d3 0-0 6. 0-0 c5 7. Nc3 Nc6 8. Bf4 Nh5 9. Be3 Bg4 10. h3 Bxf3 11. Bxf3 Rb8 12. Bxh5 gxh5 13. Qxh5 e6 14. Bh6 Qf6 15. Bxg7 Qxg7 16. Qg4 Nd4 17. Qxg7+ Kxg7 18. Rac1 b5 19. Kg2 b4 20. Nb1 Ne2 21. Rce1 Nd4 22. c3 bxc3 23. bxc3 Nc6 24. Re2 Rb6 25. Na3 d5 26. f4 Rfb8 27. Ref2 Rb2 28. Rxb2 Rxb2+ 29. Rf2 Rb8 30. Rd2 Kg6 31. f5+ Kf6 32. g4 h6 33. Kg3 Ne7 34. Re2 Nc6 35. Kf4 e5+ 36. Kf3 d4 37. c4 Nb4 38. Rb2 Rb6 39. Ke2 Kg5 40. Nb5 Ra6 41. a3 Nc6 42. Nd6 f6 43. Nf7+ Kh4 44. Nxh6 Rxa3 45. Ng8 Nb4 46. Nxf6 Nxd3 47. Rd2 Nf4+ 48. Ke1 Nxh3 49. Nd7 Kxg4 50. Nxe5+ Kg5 51. Nd3 Ra1+ 52. Rd1 Ra5 53. Rd2 Kf6 54. Ke2 Ng5 55. Nf2 Ke5 56. Kf1 Ra1+ 57. Kg2 Ra3 58. Re2 Nf7 59. Rd2 Nd6 60. Rc2 Kf4 61. Rc1 Ra2 62. Kg1 Ra3 63. Kg2 Rg3+ 64. Kf1 Nxe4 0-1

[Event "BCF-chT4 0203 (4NCL)"]
[Site "Telford"]
[Date "2003.01.19"]
[Round "4.5"]
[White "Cutmore, Martin J"]
[Black "Barraclough, Stephanie"]
[Result "1-0"]
[WhiteElo "1896"]
[BlackElo "1472"]
[PlyCount "69"]
[EventDate "2002.11.??"]
[EventType "team"]
[EventRounds "7"]
[EventCountry "ENG"]
[SourceTitle "EXT 2004"]
[Source "ChessBase"]
[SourceDate "2003.11.25"]
[SourceVersion "1"]
[SourceVersionDate "2003.11.25"]
[SourceQuality "1"]
[WhiteTeam "Wood Green III"]
[BlackTeam "Sussex Mindsports"]
[WhiteTeamCountry "ENG"]
[BlackTeamCountry "ENG"]

1. d4 Nf6 2. c4 g6 3. Nc3 Bg7 4. e4 d6 5. f4 0-0 6. Nf3 c5 7. d5 e6 8. Be2 exd5 9. cxd5 Re8 10. Nd2 Qa5 11. 0-0 a6 12. a4 Qc7 13. Bf3 Bd7 14. Nc4 Rd8 15. e5 Ne8 16. Ne4 Bf8 17. Ng5 h6 18. Nxf7 Kxf7 19. e6+ Kg7 20. exd7 Nxd7 21. Bd2 Nef6 22. Bc3 Re8 23. a5 Kh7 24. Qd3 Re7 25. f5 g5 26. Bh5 Kg8 27. Bg6 Bg7 28. Rae1 Nf8 29. Rxe7 Qxe7 30. Re1 Qc7 31. Qd2 Nxg6 32. fxg6 Re8 33. Bxf6 Rxe1+ 34. Qxe1 Bxf6 35. Qe6+ 1-0

[Event "BCF-chT2 9900 (4NCL)"]
[Site "Birmingham"]
[Date "2000.04.30"]
[Round "10.8"]
[White "Barnes, Lara"]
[Black "Barraclough, Stephanie"]
[Result "1-0"]
[WhiteElo "1640"]
[BlackElo "1160"]
[PlyCount "37"]
[EventDate "1999.10.??"]
[EventType "team"]
[EventRounds "11"]
[EventCountry "ENG"]
[SourceTitle "EXT 2001"]
[Source "ChessBase"]
[SourceDate "2000.11.22"]
[SourceVersion "1"]
[SourceVersionDate "2000.11.22"]
[SourceQuality "1"]
[WhiteTeam "Thistle White Rose"]
[BlackTeam "Invicta Knights Maidstone II"]
[WhiteTeamCountry "ENG"]
[BlackTeamCountry "ENG"]

1. e3 Nf6 2. Nc3 g6 3. f4 Bg7 4. Nf3 0-0 5. Be2 d6 6. 0-0 Nc6 7. d3 Bd7 8. Bd2 e5 9. e4 h6 10. Qe1 Re8 11. f5 Kh7 12. fxg6+ fxg6 13. Qh4 Qe7 14. g4 Qf8 15. Nd5 Rac8 16. Ng5+ Kg8 17. Nh3 Re6 18. g5 hxg5 19. Nxg5 1-0

[Event "BCF-chT2 9900 (4NCL)"]
[Site "Birmingham"]
[Date "2000.03.26"]
[Round "8.8"]
[White "Barraclough, Stephanie"]
[Black "Moore, John C"]
[Result "0-1"]
[WhiteElo "1160"]
[BlackElo "2148"]
[PlyCount "84"]
[EventDate "1999.10.??"]
[EventType "team"]
[EventRounds "11"]
[EventCountry "ENG"]
[SourceTitle "EXT 2001"]
[Source "ChessBase"]
[SourceDate "2000.11.22"]
[SourceVersion "1"]
[SourceVersionDate "2000.11.22"]
[SourceQuality "1"]
[WhiteTeam "Invicta Knights Maidstone II"]
[BlackTeam "Barbican II"]
[WhiteTeamCountry "ENG"]
[BlackTeamCountry "ENG"]

1. e4 Nf6 2. e5 Nd5 3. d4 d6 4. Nf3 g6 5. c4 Nb6 6. Bf4 Bg4 7. h3 Bxf3 8. Qxf3 Nc6 9. d5 Nxe5 10. Bxe5 dxe5 11. Nc3 Bg7 12. Be2 0-0 13. 0-0 f5 14. Rad1 Nd7 15. b4 a5 16. a3 axb4 17. axb4 Ra3 18. Rc1 Nb6 19. Qd3 Na4 20. Qd2 Nxc3 21. Rxc3 Ra4 22. Rb3 Qd7 23. c5 Rfa8 24. Rbb1 Ra2 25. Qd3 R8a3 26. Qc4 Kh8 27. Rfd1 h5 28. c6 Qc8 29. cxb7 Qxb7 30. Rdc1 Ra7 31. b5 e4 32. Bf1 Be5 33. Qc6 Qxc6 34. dxc6 Ra8 35. Bc4 R2a7 36. Bf7 Kg7 37. Be6 Kf6 38. Bd7 Rb8 39. Rc4 Rxb5 40. Rd1 Rb2 41. g3 Raa2 42. Rf1 Bxg3 0-1